| 000 | 00382nam a22001697a 4500 | ||
|---|---|---|---|
| 003 | SGT | ||
| 020 | _a9780195140750 | ||
| 082 |
_a616.85520 _bA03S |
||
| 100 | _aSPREEN, OTFRIED | ||
| 245 | _aASSESSMENT OF APHASIA | ||
| 250 | _a1ST | ||
| 260 |
_aNEW YORK _bOXFORD UNIVERSITY _c2003 |
||
| 300 | _a320 | ||
| 650 | _aAUDIOLOGY | ||
| 653 | _aASSESSMENT OF APHASIA | ||
| 942 |
_2ddc _cBK |
||
| 999 |
_c22986 _d22986 |
||